000 00610nam a2200217Ia 4500
008 131103s9999 xx 000 0 und d
040 _aLoreto College
041 _aEnglish
082 _a371.9/TAN
_bLCBED/14318
100 _aTansley,A.E.
245 4 _aThe education of slow learning children
_cA.E.Tansley and R.Gulliford
250 _a2nd ed.
260 _aLondon
_bRoutledge & Kegan Paul
_c1960
300 _a255 p.
_c 22 cm.
504 _aIncludes appendix and index
650 _aEducation
651 _aSpecial education
700 _aGulliford,R.
850 _aLCBED/371.9/TAN
942 _cBK
999 _c26225
_d76704